Statistiques concernant Nomme les personnages les plus fort Anime

Cliquez ici pour prendre le quiz!

Statistiques générales

  • Ce quiz a été pris 230 fois
  • Le résultat moyen est 36 sur 137

Statistiques - réponses

HintRéponse% Correct
Death noteL
88%
The seven deadly sinsMeliodas
81%
NarutoNaruto
79%
Demon slayerTanjiro
74%
NarutoSasuke
73%
Hunter x hunterGon
72%
One pieceLuffy
72%
Attack on titanEren
71%
Dragon ballVegeta
70%
dragon ballGoku
69%
One punch manSaitama
68%
One pieceZoro
64%
Demon slayerMuzan
62%
Fairy tailNatsu
61%
Attack on titanMikasa
60%
My hero academiaAll might
59%
Death noteLight
58%
Jujutsu KaisenGojo
57%
The seven deadly sinsEscanor
56%
NarutoMadara
56%
Hunter x hunterKillua
55%
One pieceKaido
50%
One pieceShanks
50%
NarutoItachi
48%
Fairy tailErza
47%
Hunter x hunterHisoka
47%
One pieceBarbe blanche
45%
BleachIchigo
45%
One pieceBig mom
44%
One punch manGenos
44%
Hunter x hunterMeruem
44%
Dragon ballZeno
43%
Dragon ballBeerus
42%
Demon slayerRengoku
42%
My hero academiaBakugo
41%
Fairy tailGrey
41%
NarutoObito
41%
Dragon ballGohan
40%
JoJoDio
37%
The seven deadly sinsKing
37%
Attack on titanLevi
37%
Death noteRyuk
37%
Dragon ballFreezer
36%
Jujutsu KaisenSukuna
36%
JoJoJotaro
35%
Tokyo RevengersDraken
34%
Tokyo RevengersMikey
34%
Hunter x hunterNetero
34%
NarutoHashirama
33%
One pieceBarbe noire
32%
Jujutsu kaisenItadori
32%
Demon slayerAkaza
31%
Dragon ballCell
31%
NarutoKaguya
31%
Jujustsu KaisenMegumi
30%
Dragon ballTrunks
30%
Dragon ballWhis
30%
My hero academiaAll for one
28%
The seven deadly sinsZeldris
27%
My hero academiaEndeavor
26%
My hero academiaShigaraki
25%
Tokyo RevengersTakemichi
25%
One pieceMihawk
24%
NarutoNagato
23%
BleachAizen
22%
Dragon ballJiren
22%
Death noteNear
22%
Dragon ballPiccolo
22%
Dragon ballBroly
21%
Demon slayerSanemi
21%
JoJoGiorno
18%
Demon slayerGyomei
18%
Demon slayerDoma
17%
One pieceSabo
17%
Demon slayerYoriichi
17%
My hero academiaDabi
16%
One punch manGarou
16%
Jujutsu kaisenGeto
16%
Tokyo RevengersBaji
15%
One pieceKatakuri
15%
JoJoJosuke
14%
NarutoHagoromo
13%
BleachYamamoto
13%
Fairy tailAcnologia
12%
Tokyo RevengersChifuyu
12%
Hunter x hunterGing
12%
Dragon ballGrand prêtre
12%
Hunter x hunterLucifer
12%
Death noteRem
12%
The seven deadly sinsRoi démon
12%
Dragon ballHit
11%
BleachKenpachi
11%
Dragon ballToppo
11%
Tokyo RevengersKisaki
9%
The seven deadly sinsMael
9%
Attack on titanYmir
9%
NarutoIndra
8%
Demon slayerMuichiro
8%
One punch manTatsumaki
8%
Fairy tailZeref
8%
One punch manBoros
7%
NarutoAsura
6%
JoJoDiavolo
6%
Jujutsu kaisenAoi
5%
Dragon ballMajin bu
5%
Dragon ballZamasu
5%
My hero academiaIzuku midoriya
4%
Demon slayerKokushibou
4%
One pieceKuzan
4%
BleachYhwach
4%
My hero academiaGigantomachia
3%
Jujutsu kaisenHanami
3%
Fairy tailIgneel
3%
JoJoKars
3%
Hunter x hunterNeferpitou
3%
Attack on titanZeke
3%
JoJoBruno
2%
JoJoEnrico
2%
Jujutsu kaisenKento
2%
My hero academiaMirko
2%
My hero academiaOverhaul
2%
One pieceSakazuki
2%
BleachSoul king
2%
BleachBarro
1%
The seven deadly sinsChaos
1%
JoJoEsidisi
1%
BleachHyosube
1%
Fairy tailLarcade
1%
Tokyo RevengersShuji
1%
One punch manSilver fang
1%
BleachValkirie
1%
JoJoWamuu
1%
BleachHaschwalth
0%
Jujutsu kaisenJogon
0%
Jujutsu kaisenOkkostu
0%
One pieceShiryu
0%
Death noteTeru
0%

Distribution des résultats

Percentile par nombre de réponses

% des personnes avec chaque résultat

Votre développement - résultats

Vous n’avez pas pris ce quiz